000 00648nam a22002177a 4500
003 OSt
005 20260304181331.0
008 260304b |||||||| |||| 00| 0 eng d
020 _a1292737425
020 _a9781292737423
040 _cKABLIB
_aKABLIB
_beng
_erda
082 _223
_a579
_bMIC
245 _aMicrobiology:
_bAn introduction/
_cGerard J. Tortora . . . [et al.]
250 _a14th Ed.
_bGlobal Edition
260 _aHarlow :
_bPearson Education Limited,
_cc2025.
300 _a857 p. :
_bill. (som col.) ;
_c28 cm.
500 _aIncludes appendix, glossary, index.
648 _2Biology.
650 _aMicrobiology
942 _2ddc
_cBOOK
999 _c6138
_d6138